000 00298nam a22001337a 4500
008 170420b xxu||||| |||| 00| 0 eng d
020 _a9780879838935
041 _aeng
080 _a573
100 _a11
101 _aSHM
245 _aBIOCHEMICAL INDIVIDUALITY
_cWILLIAMS, R.J
942 _2udc
_cBK
999 _c11321
_d11321